Europäische Hauptstädte nach Buchstaben-M - Statistiken

Allgemein
  • Dieses Quiz wurde 139 mal gespielt
  • Das Durchschnittsergebnis liegt bei 7 aus 9
Antwortstatistiken
Antwort % Korrekt
Madrid
95%
Moskau
85%
Minsk
83%
Monaco
75%
Amsterdam
74%
Stockholm
68%
Rom
66%
Luxemburg
63%
San Marino
60%
Keine übereinstimmenden Quizze gefunden
Verteilung der Resultate
Anzahl Personen mit jedem Resultat
Perzentil nach korrekt beantworteten Fragen
Ihre Resultats-Entwicklung
Sie haben dieses Quiz noch nicht gespielt